<?xml version="1.0" encoding="UTF-8"?>
<record
    xmlns:xsi="http://www.w3.org/2001/XMLSchema-instance"
    xsi:schemaLocation="http://www.loc.gov/MARC21/slim http://www.loc.gov/standards/marcxml/schema/MARC21slim.xsd"
    xmlns="http://www.loc.gov/MARC21/slim">

  <leader>00814nam a2200253Ia 4500</leader>
  <controlfield tag="005">20220309173110.0</controlfield>
  <controlfield tag="008">210716s2014    xx            000 0 und d</controlfield>
  <datafield tag="020" ind1=" " ind2=" ">
    <subfield code="a">9789350715536</subfield>
  </datafield>
  <datafield tag="040" ind1=" " ind2=" ">
    <subfield code="c">AIMIT LIBRARY</subfield>
  </datafield>
  <datafield tag="041" ind1=" " ind2=" ">
    <subfield code="a">eng</subfield>
  </datafield>
  <datafield tag="082" ind1=" " ind2=" ">
    <subfield code="a">336.294 </subfield>
    <subfield code="2">34</subfield>
    <subfield code="b">DATV</subfield>
  </datafield>
  <datafield tag="100" ind1=" " ind2=" ">
    <subfield code="a">Datey, V.S.</subfield>
    <subfield code="9">23241</subfield>
  </datafield>
  <datafield tag="245" ind1=" " ind2=" ">
    <subfield code="a">Indirect taxes:</subfield>
    <subfield code="b">law and practice /</subfield>
    <subfield code="c">By V.S. Datey.</subfield>
  </datafield>
  <datafield tag="250" ind1=" " ind2=" ">
    <subfield code="a">34th ed.</subfield>
  </datafield>
  <datafield tag="260" ind1=" " ind2=" ">
    <subfield code="a">New Delhi :</subfield>
    <subfield code="b">Taxmann Publications Pvt Ltd ,</subfield>
    <subfield code="c">2014.</subfield>
  </datafield>
  <datafield tag="300" ind1=" " ind2=" ">
    <subfield code="a">vii,400p. ;</subfield>
    <subfield code="a">vi,400p. ;</subfield>
    <subfield code="c">27.5 cm</subfield>
  </datafield>
  <datafield tag="440" ind1=" " ind2=" ">
    <subfield code="v">P1</subfield>
    <subfield code="a">Service Tax</subfield>
    <subfield code="n">1</subfield>
    <subfield code="9">23254</subfield>
  </datafield>
  <datafield tag="440" ind1=" " ind2=" ">
    <subfield code="v">P2</subfield>
    <subfield code="a">Central Excise/Customs/FTP</subfield>
    <subfield code="n">2</subfield>
    <subfield code="9">23255</subfield>
  </datafield>
  <datafield tag="650" ind1=" " ind2=" ">
    <subfield code="a">Indirect taxes.</subfield>
    <subfield code="9">23242</subfield>
  </datafield>
  <datafield tag="650" ind1=" " ind2=" ">
    <subfield code="a">Law and practice.</subfield>
    <subfield code="9">23256</subfield>
  </datafield>
  <datafield tag="650" ind1=" " ind2=" ">
    <subfield code="a">Value of Taxable service.</subfield>
    <subfield code="9">23257</subfield>
  </datafield>
  <datafield tag="650" ind1=" " ind2=" ">
    <subfield code="a">Educational Service.</subfield>
    <subfield code="9">23258</subfield>
  </datafield>
  <datafield tag="942" ind1=" " ind2=" ">
    <subfield code="2">ddc</subfield>
    <subfield code="c">BK</subfield>
    <subfield code="e">34th</subfield>
    <subfield code="k">336.294 DATV</subfield>
  </datafield>
  <datafield tag="999" ind1=" " ind2=" ">
    <subfield code="c">208954</subfield>
    <subfield code="d">208954</subfield>
  </datafield>
  <datafield tag="952" ind1=" " ind2=" ">
    <subfield code="0">0</subfield>
    <subfield code="1">0</subfield>
    <subfield code="2">ddc</subfield>
    <subfield code="4">0</subfield>
    <subfield code="7">0</subfield>
    <subfield code="8">MBA</subfield>
    <subfield code="a">AIMIT</subfield>
    <subfield code="b">AIMIT</subfield>
    <subfield code="d">2015-03-02</subfield>
    <subfield code="g">422.00</subfield>
    <subfield code="i">Bill no:48405; Bill dt:2015-02-1</subfield>
    <subfield code="l">0</subfield>
    <subfield code="o">336.294 DATV</subfield>
    <subfield code="p">MBA11520</subfield>
    <subfield code="r">2026-05-23 00:00:00</subfield>
    <subfield code="v">358.70</subfield>
    <subfield code="w">2021-07-16</subfield>
    <subfield code="y">BK</subfield>
  </datafield>
  <datafield tag="952" ind1=" " ind2=" ">
    <subfield code="0">0</subfield>
    <subfield code="1">0</subfield>
    <subfield code="2">ddc</subfield>
    <subfield code="4">0</subfield>
    <subfield code="7">0</subfield>
    <subfield code="8">MBA</subfield>
    <subfield code="a">AIMIT</subfield>
    <subfield code="b">AIMIT</subfield>
    <subfield code="d">2015-03-02</subfield>
    <subfield code="g">423.00</subfield>
    <subfield code="i">Bill no:48405; Bill dt:2015-02-1</subfield>
    <subfield code="l">0</subfield>
    <subfield code="o">336.294 DATV</subfield>
    <subfield code="p">MBA11521</subfield>
    <subfield code="r">2026-05-23 00:00:00</subfield>
    <subfield code="v">359.55</subfield>
    <subfield code="w">2021-07-16</subfield>
    <subfield code="y">BK</subfield>
  </datafield>
  <datafield tag="952" ind1=" " ind2=" ">
    <subfield code="0">0</subfield>
    <subfield code="1">0</subfield>
    <subfield code="2">ddc</subfield>
    <subfield code="4">0</subfield>
    <subfield code="7">0</subfield>
    <subfield code="8">MBA</subfield>
    <subfield code="a">AIMIT</subfield>
    <subfield code="b">AIMIT</subfield>
    <subfield code="d">2015-03-02</subfield>
    <subfield code="g">422.00</subfield>
    <subfield code="i">Bill no:48405; Bill dt:2015-02-1</subfield>
    <subfield code="l">0</subfield>
    <subfield code="o">336.294 DATV</subfield>
    <subfield code="p">MBA11522</subfield>
    <subfield code="r">2026-05-23 00:00:00</subfield>
    <subfield code="v">358.70</subfield>
    <subfield code="w">2021-07-16</subfield>
    <subfield code="y">BK</subfield>
  </datafield>
  <datafield tag="952" ind1=" " ind2=" ">
    <subfield code="0">0</subfield>
    <subfield code="1">0</subfield>
    <subfield code="2">ddc</subfield>
    <subfield code="4">0</subfield>
    <subfield code="7">0</subfield>
    <subfield code="8">MBA</subfield>
    <subfield code="a">AIMIT</subfield>
    <subfield code="b">AIMIT</subfield>
    <subfield code="d">2015-03-02</subfield>
    <subfield code="g">423.00</subfield>
    <subfield code="i">Bill no:48405; Bill dt:2015-02-1</subfield>
    <subfield code="l">0</subfield>
    <subfield code="o">336.294 DATV</subfield>
    <subfield code="p">MBA11523</subfield>
    <subfield code="r">2026-05-23 00:00:00</subfield>
    <subfield code="v">359.55</subfield>
    <subfield code="w">2021-07-16</subfield>
    <subfield code="y">BK</subfield>
  </datafield>
  <datafield tag="952" ind1=" " ind2=" ">
    <subfield code="0">0</subfield>
    <subfield code="1">0</subfield>
    <subfield code="2">ddc</subfield>
    <subfield code="4">0</subfield>
    <subfield code="7">0</subfield>
    <subfield code="8">MBA</subfield>
    <subfield code="a">AIMIT</subfield>
    <subfield code="b">AIMIT</subfield>
    <subfield code="d">2015-03-02</subfield>
    <subfield code="g">422.00</subfield>
    <subfield code="i">Bill no:48405; Bill dt:2015-02-1</subfield>
    <subfield code="l">0</subfield>
    <subfield code="o">336.294 DATV</subfield>
    <subfield code="p">MBA11524</subfield>
    <subfield code="r">2026-05-23 00:00:00</subfield>
    <subfield code="v">358.70</subfield>
    <subfield code="w">2021-07-16</subfield>
    <subfield code="y">BK</subfield>
  </datafield>
  <datafield tag="952" ind1=" " ind2=" ">
    <subfield code="0">0</subfield>
    <subfield code="1">0</subfield>
    <subfield code="2">ddc</subfield>
    <subfield code="4">0</subfield>
    <subfield code="7">0</subfield>
    <subfield code="8">MBA</subfield>
    <subfield code="a">AIMIT</subfield>
    <subfield code="b">AIMIT</subfield>
    <subfield code="d">2015-03-02</subfield>
    <subfield code="g">423.00</subfield>
    <subfield code="i">Bill no:48405; Bill dt:2015-02-1</subfield>
    <subfield code="l">0</subfield>
    <subfield code="o">336.294 DATV</subfield>
    <subfield code="p">MBA11525</subfield>
    <subfield code="r">2026-05-23 00:00:00</subfield>
    <subfield code="v">359.55</subfield>
    <subfield code="w">2021-07-16</subfield>
    <subfield code="y">BK</subfield>
  </datafield>
  <datafield tag="952" ind1=" " ind2=" ">
    <subfield code="0">0</subfield>
    <subfield code="1">0</subfield>
    <subfield code="2">ddc</subfield>
    <subfield code="4">0</subfield>
    <subfield code="7">0</subfield>
    <subfield code="8">MBA</subfield>
    <subfield code="a">AIMIT</subfield>
    <subfield code="b">AIMIT</subfield>
    <subfield code="d">2015-03-02</subfield>
    <subfield code="g">422.00</subfield>
    <subfield code="i">Bill no:48405; Bill dt:2015-02-1</subfield>
    <subfield code="l">0</subfield>
    <subfield code="o">336.294 DATV</subfield>
    <subfield code="p">MBA11526</subfield>
    <subfield code="r">2026-05-23 00:00:00</subfield>
    <subfield code="v">358.70</subfield>
    <subfield code="w">2021-07-16</subfield>
    <subfield code="y">BK</subfield>
  </datafield>
  <datafield tag="952" ind1=" " ind2=" ">
    <subfield code="0">0</subfield>
    <subfield code="1">0</subfield>
    <subfield code="2">ddc</subfield>
    <subfield code="4">0</subfield>
    <subfield code="7">0</subfield>
    <subfield code="8">MBA</subfield>
    <subfield code="a">AIMIT</subfield>
    <subfield code="b">AIMIT</subfield>
    <subfield code="d">2015-03-02</subfield>
    <subfield code="g">423.00</subfield>
    <subfield code="i">Bill no:48405; Bill dt:2015-02-1</subfield>
    <subfield code="l">0</subfield>
    <subfield code="o">336.294 DATV</subfield>
    <subfield code="p">MBA11527</subfield>
    <subfield code="r">2026-05-23 00:00:00</subfield>
    <subfield code="v">359.55</subfield>
    <subfield code="w">2021-07-16</subfield>
    <subfield code="y">BK</subfield>
  </datafield>
  <datafield tag="952" ind1=" " ind2=" ">
    <subfield code="0">0</subfield>
    <subfield code="1">0</subfield>
    <subfield code="2">ddc</subfield>
    <subfield code="4">0</subfield>
    <subfield code="7">0</subfield>
    <subfield code="8">MBA</subfield>
    <subfield code="a">AIMIT</subfield>
    <subfield code="b">AIMIT</subfield>
    <subfield code="d">2015-03-02</subfield>
    <subfield code="g">422.00</subfield>
    <subfield code="i">Bill no:48405; Bill dt:2015-02-1</subfield>
    <subfield code="l">0</subfield>
    <subfield code="o">336.294 DATV</subfield>
    <subfield code="p">MBA11528</subfield>
    <subfield code="r">2026-05-23 00:00:00</subfield>
    <subfield code="v">358.70</subfield>
    <subfield code="w">2021-07-16</subfield>
    <subfield code="y">BK</subfield>
  </datafield>
  <datafield tag="952" ind1=" " ind2=" ">
    <subfield code="0">0</subfield>
    <subfield code="1">0</subfield>
    <subfield code="2">ddc</subfield>
    <subfield code="4">0</subfield>
    <subfield code="7">0</subfield>
    <subfield code="8">MBA</subfield>
    <subfield code="a">AIMIT</subfield>
    <subfield code="b">AIMIT</subfield>
    <subfield code="d">2015-03-02</subfield>
    <subfield code="g">423.00</subfield>
    <subfield code="i">Bill no:48405; Bill dt:2015-02-1</subfield>
    <subfield code="l">0</subfield>
    <subfield code="o">336.294 DATV</subfield>
    <subfield code="p">MBA11529</subfield>
    <subfield code="r">2026-05-23 00:00:00</subfield>
    <subfield code="v">359.55</subfield>
    <subfield code="w">2021-07-16</subfield>
    <subfield code="y">BK</subfield>
  </datafield>
  <datafield tag="952" ind1=" " ind2=" ">
    <subfield code="0">0</subfield>
    <subfield code="1">0</subfield>
    <subfield code="2">ddc</subfield>
    <subfield code="4">0</subfield>
    <subfield code="7">0</subfield>
    <subfield code="8">MBA</subfield>
    <subfield code="a">AIMIT</subfield>
    <subfield code="b">AIMIT</subfield>
    <subfield code="d">2015-03-02</subfield>
    <subfield code="g">422.00</subfield>
    <subfield code="i">Bill no:48405; Bill dt:2015-02-1</subfield>
    <subfield code="l">0</subfield>
    <subfield code="o">336.294 DATV</subfield>
    <subfield code="p">MBA11530</subfield>
    <subfield code="r">2026-05-23 00:00:00</subfield>
    <subfield code="v">358.70</subfield>
    <subfield code="w">2021-07-16</subfield>
    <subfield code="y">BK</subfield>
  </datafield>
  <datafield tag="952" ind1=" " ind2=" ">
    <subfield code="0">0</subfield>
    <subfield code="1">0</subfield>
    <subfield code="2">ddc</subfield>
    <subfield code="4">0</subfield>
    <subfield code="7">0</subfield>
    <subfield code="8">MBA</subfield>
    <subfield code="a">AIMIT</subfield>
    <subfield code="b">AIMIT</subfield>
    <subfield code="d">2015-03-02</subfield>
    <subfield code="g">423.00</subfield>
    <subfield code="i">Bill no:48405; Bill dt:2015-02-1</subfield>
    <subfield code="l">0</subfield>
    <subfield code="o">336.294 DATV</subfield>
    <subfield code="p">MBA11531</subfield>
    <subfield code="r">2026-05-23 00:00:00</subfield>
    <subfield code="v">359.55</subfield>
    <subfield code="w">2021-07-16</subfield>
    <subfield code="y">BK</subfield>
  </datafield>
</record>
